000 00539nam a2200181Ia 4500
003 GCL
008 140319s9999 xx 000 0 ara d
040 _aGCL /
_cGCL
082 0 4 _a811.3
_bا ا
100 1 _aايليا الحاوى
245 1 0 _aالاخطل فى سيرته ونفسيته وشعره /
_cايليا الحاوى
260 _a[S.N] :
_bدار الثقافة العربية ،
_c1981
300 _a660 ص
490 _a
650 0 4 _aالشعر العربى
650 0 4 _aدواوين وقصائد
942 _2ddc
_cBK
999 _c55269
_d55269